000 01556cam a22004574i 4500
003 PE-LiUPU
005 20250731173059.0
008 150623s r 000 0 d
020 _a0913573906
035 _a(Sirsi) i9780913573907
040 _aPE-LiUPU
_bspa
_cPE-LiUPU
_erda
049 _aPRUA
082 0 4 _a226.8066
_bH34
_221
100 1 _aHedrick, Charles W.,
_eautor.
245 1 0 _aParables as poetic fictions :
_bthe creative voice of Jesus /
_cCharles W. Hedrick.
264 1 _aPeabody, Massachusetts :
_bHendrickson Publishers,
_c1994.
300 _a279 páginas ;
_c23 centímetros
336 _atext
_2rdacontent
337 _aunmediated
_2rdamedia
338 _avolume
_2rdacarrier
504 _aIncluye bibliografía.
505 0 _aProlegomenon. -Parables as fictions. -Readings of the parables as poetic fictions.
526 _aSEG42
526 _aSEG41
526 _aSEG40
526 _aSEG39
526 _aP94
526 _aP87
526 _aP86
526 _aP85
526 _aP77
526 _aP76
526 _aP35
650 0 4 _aParábolas bíblicas
_xCrítica, interpretación, etc.
942 _2ddc
_cBOOK
949 _a226.8066 H34
_wDEWEY
_c1
_i48809
_lCCODEBUL1
_mBUL
_r0
_sY
_tBOOK
_u2015-6-24
_xTEOLOGIA
_PP35
_0COMPRA
_o.STAFF. Colección General
994 _aC0
_bPEPRU
596 _a1
999 _a226.8066 H34
_wDEWEY
_c27968
_i48809
_f2021-11-9
_g5
_lCCODEBUL1
_mBUL
_r0
_sY
_tBOOK
_u2015-6-24
_xTEOLOGIA
_PP35
_0COMPRA
_o.STAFF. Colección General
_d27968
980 _81
_gALBERTO SANCHEZ Responsable de Automatización